|
|
|
|
| LEADER |
00000nab#a22000007a#4500 |
| 001 |
arbauad041488 |
| 003 |
AR-BaUAD |
| 005 |
20250711113237.0 |
| 008 |
991115|||||||||###||||||b###|0###a|spa|| |
| 040 |
|
|
|a AR-BaUAD
|c AR-BaUAD
|b spa
|
| 245 |
1 |
0 |
|a The Midwest
|
| 300 |
0 |
|
|b fot., il.
|
| 653 |
|
|
|a DISEÑO GRAFICO
|
| 653 |
|
|
|a MINNESOTA
|
| 653 |
|
|
|a ILLINOIS
|
| 653 |
|
|
|a OHIO
|
| 653 |
|
|
|a MISSOURI
|
| 653 |
|
|
|a WISCONSIN
|
| 653 |
|
|
|a MICHIGAN
|
| 653 |
|
|
|a ESTADOS UNIDOS
|
| 653 |
|
|
|a AVISOS
|
| 653 |
|
|
|a PUBLICIDAD
|
| 653 |
|
|
|a AFICHES
|
| 653 |
|
|
|a REVISTAS
|
| 653 |
|
|
|a TAPAS DE REVISTAS
|
| 653 |
|
|
|a DISEÑO EDITORIAL
|
| 653 |
|
|
|a FOLLETOS
|
| 653 |
|
|
|a TARJETAS
|
| 653 |
|
|
|a LIBROS
|
| 653 |
|
|
|a PACKAGING
|
| 653 |
|
|
|a PAPELERIA
|
| 653 |
|
|
|a LOGOTIPOS
|
| 653 |
|
|
|a ISOLOGOTIPOS
|
| 653 |
|
|
|a ISOTIPOS
|
| 773 |
0 |
|
|t PRINT
|g vol. 53, no. 5 [set.-oct. 1999], p. 163-220
|
| 942 |
|
|
|c ARTI
|
| 952 |
|
|
|0 0
|1 0
|4 0
|7 0
|9 86407
|a AR-BAuAD
|b AR-BAuAD
|d 2025-07-11
|l 0
|p AAQA041488
|r 2025-07-11 11:32:37
|w 2025-07-11
|y ARTI
|
| 990 |
|
|
|a DG199
|b TD
|
| 998 |
|
|
|a AAQ
|b BIBUN76
|
| 999 |
|
|
|c 66080
|d 66080
|